000 00330nam a2200133 i 4500
001 bg
100 1 _aKOWALSKI, Adam
245 0 _aCharakterystyka niektórych metod taksonomicznych /
_cAdam Kowalski.
260 _aWarszawa,
_c1977.
040 _cBPK
041 _apol
942 _cKS
008 s pl f |000 0 pol
999 _c17601
_d17601
856 _uhttp://koha.tu.koszalin.pl/cgi-bin/koha/opac-detail.pl?biblionumber=17601
_yKatalog online BPK